000 00568nam a2200229Ia 4500
003 OSt
005 20220918201414.0
006 a|||||r|||| 00| 0
007 ta
008 220917b |||||||| |||| 00| 0 eng d
024 _a93,727
037 _cTextual
040 _aARTS
_cARTS
_beng
041 _2eng
_aeng
082 _aV2y7M94, L6.1
100 _aGiri V V
_998609
245 0 _aMy life and times
260 _aDelhi
_bMacmillan
_c1976
650 _aHISTORY
942 _hV2y7M94, L6.1
_cTEXL
_2CC
999 _c217369
_d217369